[Event "Wch Juvenil 2013 sub-16 femenino"]
[Site "Al-Ain UAE"]
[Date "2013.12.22"]
[Round "5.6"]
[White "Beinenson, Katsiaryna"]
[Black "Osmak, Iulija"]
[Result "1/2-1/2"]
[WhiteElo "1961"]
[BlackElo "2212"]
[PlyCount "102"]
[EventDate "2013.12.19"]
[EventType "swiss"]
[EventRounds "11"]
[EventCountry "UAE"]
[Source "lmi"]
[SourceDate "2013.12.19"]

1. d4 Nf6 2. Nf3 d5 3. Bf4 c6 4. e3 Bg4 5. c4 Qb6 6. Qb3 dxc4 7. Bxc4 Qxb3 8.
Bxb3 Nbd7 9. Nc3 h6 10. Ne5 Nxe5 11. Bxe5 e6 12. f3 Bh5 13. e4 Nd7 14. Bg3 Bb4
15. O-O Nf6 16. d5 exd5 17. exd5 O-O-O 18. dxc6 bxc6 19. Rac1 Bc5+ 20. Bf2
Bxf2+ 21. Rxf2 Bg6 22. Ne2 Kb7 23. Nf4 Rd6 24. Nxg6 fxg6 25. Rfc2 Rc8 26. Ba4
Nd5 27. b4 Kb6 28. a3 a6 29. Rc5 Nf4 30. Rd1 Rxd1+ 31. Bxd1 Rd8 32. Ba4 Rd6 33.
Rc4 Nd3 34. Bc2 g5 35. Kf1 Nf4 36. g3 Ne6 37. Ke2 c5 38. Ke3 cxb4 39. Rxb4+ Kc5
40. Bd3 Kd5 41. Ra4 Nc5 42. Be4+ Ke6 43. Rc4 Nd7 44. Rc7 Rb6 45. Kd4 Kd6 46.
Ra7 Nc5 47. Bf5 Nb3+ 48. Kc3 Ke5 49. Bd3 Nc5 50. Bc2 Ne6 51. Bd3 Nc5 1/2-1/2

[Event "Wch Juvenil 2013 sub-16 femenino"]
[Site "Al-Ain UAE"]
[Date "2013.12.22"]
[Round "5.8"]
[White "Wozniak, Mariola"]
[Black "Choladze, Mariam"]
[Result "0-1"]
[WhiteElo "2079"]
[BlackElo "1900"]
[PlyCount "58"]
[EventDate "2013.12.19"]
[EventType "swiss"]
[EventRounds "11"]
[EventCountry "UAE"]
[Source "lmi"]
[SourceDate "2013.12.19"]

1. e4 c5 2. Nf3 Nc6 3. d4 cxd4 4. Nxd4 Qc7 5. Nc3 e6 6. Nb3 a6 7. Bd3 Nf6 8.
O-O b5 9. Kh1 Bb7 10. f4 d6 11. Qe2 Be7 12. Bd2 O-O 13. Rae1 b4 14. Nd1 a5 15.
c3 Rfe8 16. e5 Nd7 17. Nd4 Rad8 18. Nf2 Nc5 19. Bb1 Ba6 20. Nb5 Bxb5 21. Qxb5
dxe5 22. Qe2 exf4 23. Ng4 e5 24. Rf3 Qd7 25. Rh3 f5 26. Nxe5 Nxe5 27. Qxe5 Bf8
28. Qxf4 Qxd2 29. Qc4+ Qd5 0-1

[Event "Wch Juvenil 2013 sub-16 femenino"]
[Site "Al-Ain UAE"]
[Date "2013.12.22"]
[Round "5.9"]
[White "Wafa, Shahenda"]
[Black "Haussernot, Cecile"]
[Result "1-0"]
[WhiteElo "1883"]
[BlackElo "2062"]
[PlyCount "45"]
[EventDate "2013.12.19"]
[EventType "swiss"]
[EventRounds "11"]
[EventCountry "UAE"]
[Source "lmi"]
[SourceDate "2013.12.19"]

1. e4 c5 2. Nf3 d6 3. d4 cxd4 4. Nxd4 Nf6 5. Nc3 a6 6. Bg5 Nbd7 7. f4 Qc7 8.
Qf3 h6 9. Bxf6 Nxf6 10. f5 b5 11. O-O-O e5 12. fxe6 fxe6 13. e5 Bb7 14. Qg3
dxe5 15. Nxe6 Qe7 16. Qg6+ Qf7 17. Nc7+ Ke7 18. Qf5 Qg8 19. Qxe5+ Kf7 20. Qe6+
Kg6 21. Bd3+ Kh5 22. Qh3+ Kg5 23. Qf5+ 1-0

[Event "Wch Juvenil 2013 sub-16 femenino"]
[Site "Al-Ain UAE"]
[Date "2013.12.22"]
[Round "5.10"]
[White "Vidic, Teja"]
[Black "Harazinska, Ewa"]
[Result "0-1"]
[WhiteElo "1882"]
[BlackElo "2050"]
[PlyCount "54"]
[EventDate "2013.12.19"]
[EventType "swiss"]
[EventRounds "11"]
[EventCountry "UAE"]
[Source "lmi"]
[SourceDate "2013.12.19"]

1. e4 c5 2. Nf3 d6 3. Bc4 e6 4. O-O Nc6 5. c3 Nf6 6. d3 Be7 7. Bb3 O-O 8. Re1
b5 9. Nbd2 a5 10. a4 Ba6 11. axb5 Bxb5 12. Ba4 Qb6 13. d4 cxd4 14. Nxd4 Nxd4
15. cxd4 Bd3 16. Re3 Ba6 17. Nf3 Rfc8 18. Bd2 d5 19. Rb3 Qa7 20. e5 Ne4 21. Bb5
Nxd2 22. Qxd2 Bxb5 23. Rxb5 a4 24. Rc1 Qa6 25. Rxc8+ Rxc8 26. Ra5 Qc4 27. Ra7
Bb4 0-1

[Event "Wch Juvenil 2013 sub-16 femenino"]
[Site "Al-Ain UAE"]
[Date "2013.12.22"]
[Round "5.12"]
[White "Imanly, Magrura"]
[Black "Zahn, Alina"]
[Result "1/2-1/2"]
[WhiteElo "1786"]
[BlackElo "1983"]
[PlyCount "111"]
[EventDate "2013.12.19"]
[EventType "swiss"]
[EventRounds "11"]
[EventCountry "UAE"]
[Source "lmi"]
[SourceDate "2013.12.19"]

1. e4 e5 2. Nf3 Nc6 3. d4 exd4 4. c3 d5 5. e5 Bg4 6. Bb5 a6 7. Bxc6+ bxc6 8.
cxd4 c5 9. dxc5 Bxc5 10. O-O Ne7 11. h3 Bh5 12. b4 Bb6 13. Nc3 O-O 14. Bb2 Qd7
15. Qd3 Bg6 16. Qd2 Rad8 17. Rad1 c6 18. Na4 Ba7 19. Nc5 Bxc5 20. bxc5 Nf5 21.
Nd4 Nxd4 22. Qxd4 Rb8 23. Rfe1 Qe7 24. Bc3 Rb5 25. a4 Rb7 26. Ba5 Qg5 27. Re3
Re8 28. Rde1 Rb1 29. Rxb1 Bxb1 30. Bc3 Rb8 31. Kh2 Bg6 32. Bd2 Qf5 33. f4 Qc2
34. Bc3 Rb1 35. e6 f6 36. e7 Rb8 37. Ba5 Re8 38. Qb4 Be4 39. Rg3 Rxe7 40. Qb8+
Kf7 41. Bd8 Rd7 42. Bxf6 Bg6 43. Qc8 Qf5 44. Be5 d4 45. Rg5 Qe6 46. Qh8 d3 47.
Qxg7+ Ke8 48. Qh8+ Ke7 49. Bd6+ Rxd6 50. cxd6+ Qxd6 51. Re5+ Kd7 52. Qg7+ Kc8
53. Qg8+ Kd7 54. Qg7+ Kc8 55. Qg8+ Kd7 56. Qg7+ 1/2-1/2

[Event "Wch Juvenil 2013 sub-16 femenino"]
[Site "Al-Ain UAE"]
[Date "2013.12.22"]
[Round "5.13"]
[White "Hong, Xing"]
[Black "Karimi, Yeganeh"]
[Result "1-0"]
[WhiteElo "1980"]
[BlackElo "1839"]
[PlyCount "49"]
[EventDate "2013.12.19"]
[EventType "swiss"]
[EventRounds "11"]
[EventCountry "UAE"]
[Source "lmi"]
[SourceDate "2013.12.19"]

1. e4 e6 2. d4 d5 3. exd5 exd5 4. Nf3 Bd6 5. c4 dxc4 6. Bxc4 Nf6 7. O-O O-O 8.
Bg5 Bg4 9. Nbd2 Nc6 10. Be2 Re8 11. Re1 Bb4 12. a3 Bxd2 13. Qxd2 Bxf3 14. Bxf3
Rxe1+ 15. Rxe1 Nxd4 16. Bxb7 Rb8 17. Ba6 h6 18. Be3 Qd6 19. Bf1 Ng4 20. Bf4
Rxb2 21. Re8+ Kh7 22. Qd3+ Qg6 23. Qxd4 Rxf2 24. h3 Qb1 25. Qe4+ 1-0

[Event "Wch Juvenil 2013 sub-16 femenino"]
[Site "Al-Ain UAE"]
[Date "2013.12.22"]
[Round "5.14"]
[White "Monnisha, Gk"]
[Black "Franca, Veronika"]
[Result "1-0"]
[WhiteElo "2180"]
[BlackElo "1965"]
[PlyCount "77"]
[EventDate "2013.12.19"]
[EventType "swiss"]
[EventRounds "11"]
[EventCountry "UAE"]
[Source "lmi"]
[SourceDate "2013.12.19"]

1. e4 c5 2. Nf3 d6 3. d4 cxd4 4. Nxd4 Nf6 5. Nc3 g6 6. Be3 Bg7 7. f3 Nc6 8. Qd2
O-O 9. g4 Qa5 10. Nb3 Qc7 11. O-O-O Be6 12. h4 Ne5 13. Be2 Nc4 14. Bxc4 Qxc4
15. Bh6 b5 16. Bxg7 Kxg7 17. Kb1 b4 18. Ne2 a5 19. Nf4 a4 20. Nxe6+ fxe6 21.
Nd4 e5 22. Ne2 Rac8 23. b3 Qa6 24. h5 Kf7 25. Ng3 axb3 26. cxb3 Rc3 27. hxg6+
hxg6 28. g5 Ra8 29. gxf6 Rxb3+ 30. Ka1 Rxf3 31. Qd5+ e6 32. Rh7+ Kxf6 33. Nh5+
gxh5 34. Rh6+ Kg5 35. Rg1+ Kh4 36. Rh1+ Kg3 37. Rg6+ Kf4 38. Qd2+ Re3 39. Rh4+
1-0

[Event "Wch Juvenil 2013 sub-16 femenino"]
[Site "Al-Ain UAE"]
[Date "2013.12.22"]
[Round "5.15"]
[White "Paramzina, Anastasya"]
[Black "Xiang, Ellen"]
[Result "1-0"]
[WhiteElo "2111"]
[BlackElo "1954"]
[PlyCount "85"]
[EventDate "2013.12.19"]
[EventType "swiss"]
[EventRounds "11"]
[EventCountry "UAE"]
[Source "lmi"]
[SourceDate "2013.12.19"]

1. e4 c5 2. Nf3 g6 3. d4 cxd4 4. Nxd4 Nc6 5. c4 Bg7 6. Be3 Nf6 7. Nc3 d6 8. Be2
O-O 9. O-O Bd7 10. Rc1 Nxd4 11. Bxd4 Bc6 12. f3 a5 13. Qd2 Nd7 14. Be3 Nc5 15.
b3 Qb6 16. Rc2 Rfc8 17. Rb1 Qb4 18. Qc1 Qb6 19. a3 Qd8 20. b4 Na4 21. Nd5 Bxd5
22. exd5 axb4 23. axb4 Nb6 24. Qd2 Ra3 25. Rd1 Qc7 26. Bf2 Nd7 27. c5 dxc5 28.
bxc5 Be5 29. g3 b6 30. f4 Bd6 31. c6 Nc5 32. Qd4 Rca8 33. Rb1 R8a4 34. Rc4 Qa7
35. Rxa4 Rxa4 36. Qb2 Ra2 37. Qb5 Qa3 38. c7 Qa8 39. Qxb6 Nd7 40. Qb7 Bxc7 41.
Qxc7 Rxe2 42. Bd4 Qa2 43. Rb8+ 1-0

[Event "Wch Juvenil 2013 sub-16 femenino"]
[Site "Al-Ain UAE"]
[Date "2013.12.22"]
[Round "5.17"]
[White "Ivanova, Simoneta"]
[Black "Aay, Aisyah Anisa"]
[Result "1-0"]
[WhiteElo "2049"]
[BlackElo "1900"]
[PlyCount "113"]
[EventDate "2013.12.19"]
[EventType "swiss"]
[EventRounds "11"]
[EventCountry "UAE"]
[Source "lmi"]
[SourceDate "2013.12.19"]

1. d4 d5 2. c4 e6 3. Nc3 Nf6 4. Bg5 Be7 5. cxd5 exd5 6. e3 c6 7. Bd3 O-O 8. Qc2
Nbd7 9. Nf3 Re8 10. O-O Ne4 11. Bxe4 dxe4 12. Nxe4 Bxg5 13. Nexg5 g6 14. Ne4
Qe7 15. Nc3 f5 16. d5 Nb6 17. dxc6 bxc6 18. Na4 Rb8 19. Nc5 Nd5 20. Nd4 Qf6 21.
Rfd1 Kg7 22. a3 Re7 23. b4 Nc7 24. Ncb3 Bd7 25. Na5 Rb6 26. Nc4 Ra6 27. Nb3 Ne6
28. Rd6 Bc8 29. Rad1 Qf7 30. Qc3+ Kh6 31. Nba5 c5 32. b5 Rxd6 33. Nxd6 Qf8 34.
Rd3 Bd7 35. Qd2 Ng5 36. h4 Nf7 37. e4+ Kg7 38. Qc3+ Kg8 39. Qxc5 Nxd6 40. Qxd6
fxe4 41. Rd1 Be8 42. Nc6 Rb7 43. Qe6+ Qf7 44. Qe5 Rd7 45. Rxd7 Qxd7 46. Qxe4
Bf7 47. Qd4 Qxd4 48. Nxd4 Bc4 49. a4 Kf8 50. Nc6 Ke8 51. Nxa7 Kd7 52. b6 Ba6
53. f3 Kd6 54. Kf2 Kc5 55. a5 Kb4 56. Nc6+ Kb5 57. Nd8 1-0

[Event "Wch Juvenil 2013 sub-16 femenino"]
[Site "Al-Ain UAE"]
[Date "2013.12.22"]
[Round "5.18"]
[White "Fiadosenka, Rahneda"]
[Black "Malassagne, Isabelle"]
[Result "1/2-1/2"]
[WhiteElo "1845"]
[BlackElo "2043"]
[PlyCount "115"]
[EventDate "2013.12.19"]
[EventType "swiss"]
[EventRounds "11"]
[EventCountry "UAE"]
[Source "lmi"]
[SourceDate "2013.12.19"]

1. d4 d5 2. Bg5 g6 3. Nf3 Bg7 4. Nc3 Nf6 5. e3 O-O 6. Bd3 c5 7. dxc5 Nbd7 8.
O-O Nxc5 9. Nd4 Nce4 10. Nxe4 Nxe4 11. Bh4 Bd7 12. c3 Nc5 13. Be2 Re8 14. Nb3
Ba4 15. Bf3 Qb6 16. Qxd5 Bxb3 17. axb3 Rad8 18. Qc4 Nxb3 19. Bd5 Rxd5 20. Qxd5
Nxa1 21. Rxa1 Rd8 22. Qa2 Rd2 23. h3 Rxb2 24. Qxa7 Qxa7 25. Rxa7 Bxc3 26. Bxe7
Kg7 27. Bc5 Rb1+ 28. Kh2 b5 29. Rb7 b4 30. Rd7 b3 31. Bd4+ Bxd4 32. Rxd4 Kf6
33. Kg3 Ke6 34. Kf3 Rc1 35. Rb4 Rc3 36. Ke4 f5+ 37. Kd4 Rc2 38. Rxb3 Rxf2 39.
Rb7 h5 40. Rb6+ Kf7 41. Rb7+ Kf6 42. Rb6+ Kg7 43. g4 hxg4 44. hxg4 fxg4 45. e4
Rf3 46. e5 g3 47. Rb1 g2 48. Rg1 Rg3 49. Ke4 g5 50. Kf5 Kf7 51. e6+ Ke7 52. Ke5
Re3+ 53. Kf5 Rg3 54. Ke5 Rb3 55. Kf5 Rb5+ 56. Kg6 Rb2 57. Kxg5 Kxe6 58. Kg4
1/2-1/2

[Event "Wch Juvenil 2013 sub-16 femenino"]
[Site "Al-Ain UAE"]
[Date "2013.12.22"]
[Round "5.20"]
[White "Alijanzadeh, Mohadeseh"]
[Black "Lingur, Zalina"]
[Result "0-1"]
[WhiteElo "1846"]
[BlackElo "2009"]
[PlyCount "54"]
[EventDate "2013.12.19"]
[EventType "swiss"]
[EventRounds "11"]
[EventCountry "UAE"]
[Source "lmi"]
[SourceDate "2013.12.19"]

1. e4 c5 2. Nf3 d6 3. d4 cxd4 4. Nxd4 Nf6 5. Nc3 a6 6. Be2 e5 7. Nb3 Be7 8. Be3
Be6 9. f3 Nbd7 10. Qd2 b5 11. g4 Nb6 12. h4 Nc4 13. Bxc4 bxc4 14. Nc1 d5 15. g5
d4 16. gxf6 dxe3 17. Qxd8+ Bxd8 18. fxg7 Rg8 19. Ke2 Rxg7 20. Rh2 Bb6 21. Nd1
Rd8 22. Nxe3 Rg1 23. Nf1 f5 24. Ke1 fxe4 25. fxe4 Rxf1+ 26. Kxf1 Rd1+ 27. Kg2
Rg1+ 0-1

[Event "Wch Juvenil 2013 sub-16 femenino"]
[Site "Al-Ain UAE"]
[Date "2013.12.22"]
[Round "5.22"]
[White "Assaubayeva, Diana"]
[Black "Alboredo, Julia"]
[Result "1-0"]
[WhiteElo "1974"]
[BlackElo "1830"]
[PlyCount "77"]
[EventDate "2013.12.19"]
[EventType "swiss"]
[EventRounds "11"]
[EventCountry "UAE"]
[Source "lmi"]
[SourceDate "2013.12.19"]

1. c4 g6 2. g3 Bg7 3. Bg2 Nf6 4. Nc3 O-O 5. e4 d6 6. d3 c5 7. Nge2 Nc6 8. O-O
Rb8 9. Rb1 a6 10. a3 b5 11. cxb5 axb5 12. b4 cxb4 13. axb4 Ne8 14. Be3 Nc7 15.
d4 e5 16. d5 Ne7 17. Qd2 f5 18. f3 Na8 19. Nd1 Nb6 20. Nb2 Ba6 21. Rfc1 Qd7 22.
Bf1 Na4 23. Nc3 Nxc3 24. Rxc3 Rfc8 25. Ra3 Bb7 26. Ra5 fxe4 27. fxe4 Qg4 28.
Bd3 Ba8 29. Rba1 Bxd5 30. exd5 Nxd5 31. Bf5 gxf5 32. Qxd5+ Kh8 33. Ra8 Qe2 34.
Nd1 f4 35. Rxb8 Rxb8 36. Ra8 Rf8 37. Rxf8+ Bxf8 38. gxf4 exf4 39. Bd4+ 1-0

[Event "Wch Juvenil 2013 sub-16 femenino"]
[Site "Al-Ain UAE"]
[Date "2013.12.22"]
[Round "5.23"]
[White "Wafa, Shrook"]
[Black "Chetina, Elizaveta"]
[Result "1-0"]
[WhiteElo "2010"]
[BlackElo "1904"]
[PlyCount "52"]
[EventDate "2013.12.19"]
[EventType "swiss"]
[EventRounds "11"]
[EventCountry "UAE"]
[Source "lmi"]
[SourceDate "2013.12.19"]

1. e4 e5 2. Nf3 Nc6 3. Bb5 a6 4. Ba4 Nf6 5. Qe2 b5 6. Bb3 Bc5 7. a4 Rb8 8. axb5
axb5 9. O-O O-O 10. c3 d6 11. d3 b4 12. Nbd2 Bg4 13. h3 Be6 14. Bxe6 fxe6 15.
Nc4 Qe8 16. Rd1 Qh5 17. d4 exd4 18. cxd4 Bb6 19. Nxb6 Rxb6 20. b3 e5 21. Qc4+
Kh8 22. d5 Nd4 23. Rxd4 exd4 24. Qxc7 Rfb8 25. Ra7 Ne8 26. Qe7 Qg6 1-0

[Event "Wch Juvenil 2013 sub-16 femenino"]
[Site "Al-Ain UAE"]
[Date "2013.12.22"]
[Round "5.24"]
[White "Heinemann, Josefine"]
[Black "Gomez Camacho, Micaela"]
[Result "1/2-1/2"]
[WhiteElo "2008"]
[BlackElo "1898"]
[PlyCount "109"]
[EventDate "2013.12.19"]
[EventType "swiss"]
[EventRounds "11"]
[EventCountry "UAE"]
[Source "lmi"]
[SourceDate "2013.12.19"]

1. e4 c5 2. Nf3 d6 3. d4 cxd4 4. Nxd4 Nf6 5. Nc3 a6 6. Bg5 e6 7. f4 Be7 8. Qf3
Qc7 9. O-O-O Nbd7 10. g4 h6 11. Bxf6 Bxf6 12. h4 Be7 13. g5 hxg5 14. hxg5 Rxh1
15. Qxh1 Nc5 16. g6 fxg6 17. Qh7 Bf8 18. f5 b5 19. Qxg6+ Qf7 20. Qxf7+ Kxf7 21.
b4 e5 22. Ndxb5 Nxe4 23. Bc4+ Ke7 24. Nxe4 axb5 25. Bxb5 Bxf5 26. Nc3 g5 27.
Nd5+ Kf7 28. a4 g4 29. a5 g3 30. Rg1 Bh6+ 31. Kb2 Bf4 32. Nxf4 exf4 33. Bc6 Rc8
34. Bd5+ Be6 35. Be4 Bc4 36. Ra1 Ba6 37. Bd5+ Kf6 38. Kb3 Ke5 39. c4 Kd4 40.
Rd1+ Ke3 41. b5 Bxb5 42. cxb5 f3 43. a6 Rc5 44. a7 Rxb5+ 45. Ka4 Rxd5 46. Rxd5
f2 47. Rf5 g2 48. a8=Q f1=Q 49. Rxf1 gxf1=Q 50. Qd5 Qa6+ 51. Kb4 Qb6+ 52. Kc4
Qc7+ 53. Kb5 Qd7+ 54. Kb4 Qe7 55. Kb5 1/2-1/2

[Event "Wch Juvenil 2013 sub-16 femenino"]
[Site "Al-Ain UAE"]
[Date "2013.12.22"]
[Round "5.25"]
[White "Parnali, S Dharia"]
[Black "Egorova, Ayyyna"]
[Result "1/2-1/2"]
[WhiteElo "1895"]
[BlackElo "2006"]
[PlyCount "87"]
[EventDate "2013.12.19"]
[EventType "swiss"]
[EventRounds "11"]
[EventCountry "UAE"]
[Source "lmi"]
[SourceDate "2013.12.19"]

1. d4 Nf6 2. c4 c5 3. d5 b5 4. Bg5 Ne4 5. Bf4 d6 6. Nf3 g6 7. Nbd2 Nf6 8. e3
Bg7 9. Qb3 bxc4 10. Bxc4 Nbd7 11. Qc2 Nb6 12. Bb5+ Bd7 13. Bxd7+ Qxd7 14. e4
Nh5 15. Be3 Qb5 16. Rb1 Na4 17. Nc4 Rb8 18. O-O O-O 19. Bd2 Qa6 20. b3 Nb6 21.
Na5 Nf6 22. b4 cxb4 23. Nc6 Rb7 24. Rxb4 Rc7 25. Nfd4 Ng4 26. Nb5 Rd7 27. a4
Ne5 28. a5 Nbc4 29. Bc3 Rb7 30. Bxe5 Nxe5 31. Nxe5 Rxb5 32. Qc4 Rxa5 33. Nc6
Qxc4 34. Rxc4 Ra2 35. Nxe7+ Kh8 36. Nc8 Be5 37. g3 f5 38. exf5 gxf5 39. Rb1 f4
40. gxf4 Bxf4 41. Ne7 Bg5 42. Rb7 Rfxf2 43. Rcc7 Bxe7 44. Rxe7 1/2-1/2

[Event "Wch Juvenil 2013 sub-16 femenino"]
[Site "Al-Ain UAE"]
[Date "2013.12.22"]
[Round "5.27"]
[White "Shakhmurzova, Fatima"]
[Black "Hiebler, Laura"]
[Result "1/2-1/2"]
[WhiteElo "1983"]
[BlackElo "1840"]
[PlyCount "77"]
[EventDate "2013.12.19"]
[EventType "swiss"]
[EventRounds "11"]
[EventCountry "UAE"]
[Source "lmi"]
[SourceDate "2013.12.19"]

1. e4 e6 2. d3 d5 3. Nd2 c5 4. g3 Nc6 5. Bg2 g6 6. Ne2 Bg7 7. O-O Nge7 8. c3
O-O 9. Qc2 b6 10. Nf3 Bb7 11. Nh4 d4 12. c4 f5 13. exf5 exf5 14. Bg5 Qd7 15.
Nf3 h6 16. Bd2 Kh7 17. a3 Ne5 18. Nxe5 Bxe5 19. f4 Bd6 20. b4 Bxg2 21. Kxg2
Qc6+ 22. Kg1 Ng8 23. Rae1 Nf6 24. Nc1 Rfe8 25. Nb3 Ng4 26. b5 Qb7 27. Qc1 Rxe1
28. Qxe1 Qd7 29. Qc1 Re8 30. Re1 Rxe1+ 31. Qxe1 Qe7 32. Qxe7+ Bxe7 33. h3 Nf6
34. a4 Nd7 35. a5 g5 36. a6 Bd8 37. Na1 Kg6 38. Nc2 Bc7 39. Kf2 1/2-1/2

[Event "Wch Juvenil 2013 sub-16 femenino"]
[Site "Al-Ain UAE"]
[Date "2013.12.22"]
[Round "5.29"]
[White "Virkud, Apurva"]
[Black "Smaraki, Mohanty"]
[Result "1-0"]
[WhiteElo "1969"]
[BlackElo "1837"]
[PlyCount "67"]
[EventDate "2013.12.19"]
[EventType "swiss"]
[EventRounds "11"]
[EventCountry "UAE"]
[Source "lmi"]
[SourceDate "2013.12.19"]

1. d4 Nf6 2. c4 e6 3. Nc3 c5 4. d5 exd5 5. cxd5 d6 6. e4 g6 7. h3 Bg7 8. Nf3
O-O 9. Bd3 Re8 10. O-O a6 11. a4 Nbd7 12. Bg5 h6 13. Be3 Qc7 14. Qd2 Kh7 15.
Rac1 Qb8 16. b3 b5 17. axb5 axb5 18. Qc2 b4 19. Nb1 Ba6 20. Nbd2 Bxd3 21. Qxd3
Nb6 22. Bf4 Nfd7 23. Qb5 Ne5 24. Nxe5 Bxe5 25. Bxe5 Rxe5 26. Ra1 Nc8 27. Qc6
Ra7 28. Rxa7 Nxa7 29. Qd7 Kg8 30. Nc4 Rxe4 31. Nxd6 Rf4 32. Re1 Qb6 33. Re8+
Kg7 34. Re7 1-0

[Event "Wch Juvenil 2013 sub-16 femenino"]
[Site "Al-Ain UAE"]
[Date "2013.12.22"]
[Round "5.30"]
[White "Patel, Yesim"]
[Black "Fuskova, Martina"]
[Result "1/2-1/2"]
[WhiteElo "1860"]
[BlackElo "1969"]
[PlyCount "73"]
[EventDate "2013.12.19"]
[EventType "swiss"]
[EventRounds "11"]
[EventCountry "UAE"]
[Source "lmi"]
[SourceDate "2013.12.19"]

1. e4 c5 2. Nf3 Nc6 3. d4 cxd4 4. Nxd4 e5 5. Nb5 d6 6. N1c3 a6 7. Na3 Be7 8.
Nc4 b5 9. Ne3 Nf6 10. g3 O-O 11. Bg2 b4 12. Ncd5 Nxd5 13. Nxd5 Bg5 14. Bxg5
Qxg5 15. O-O Rb8 16. Qd3 Rd8 17. c3 a5 18. a3 bxa3 19. bxa3 Be6 20. Qa6 Rdc8
21. Rab1 Qd8 22. Nb6 Rc7 23. Nd5 Bxd5 24. exd5 Ra8 25. Qb6 Ne7 26. Rb5 Rxc3 27.
Qxd8+ Rxd8 28. Rxa5 Rdc8 29. Bh3 R3c5 30. Ra7 R5c7 31. Ra6 Rd8 32. Rb1 g6 33.
Rb5 Rc1+ 34. Kg2 Rd1 35. Rb7 Nf5 36. Bxf5 gxf5 37. Raa7 1/2-1/2

[Event "Wch Juvenil 2013 sub-16 femenino"]
[Site "Al-Ain UAE"]
[Date "2013.12.22"]
[Round "5.31"]
[White "Shao, Stephanie"]
[Black "Rojikova, Lenka"]
[Result "1/2-1/2"]
[WhiteElo "1673"]
[BlackElo "1943"]
[PlyCount "81"]
[EventDate "2013.12.19"]
[EventType "swiss"]
[EventRounds "11"]
[EventCountry "UAE"]
[Source "lmi"]
[SourceDate "2013.12.19"]

1. e4 c5 2. Nc3 Nc6 3. f4 g6 4. Nf3 Bg7 5. Bb5 Nd4 6. O-O a6 7. Bd3 e6 8. e5 d5
9. Nxd4 cxd4 10. Ne2 Qb6 11. Kh1 Ne7 12. Ng3 h5 13. c3 Bd7 14. Ne2 Nc6 15. Qe1
dxc3 16. dxc3 Bf8 17. Ng1 O-O-O 18. Nf3 a5 19. Qe2 Bc5 20. b3 d4 21. Bb2 dxc3
22. Bxc3 Nb4 23. Bc4 Rhe8 24. Rfd1 Kb8 25. Bd4 Bc6 26. Bxc5 Qxc5 27. Ng5 Rxd1+
28. Rxd1 b5 29. Bd3 Re7 30. Be4 Nd5 31. Qd2 Rd7 32. Rc1 Nc3 33. Qe1 b4 34. Bxc6
Qxc6 35. Nf3 Qd5 36. Qf2 Kb7 37. h3 Qd3 38. Qc5 Qd5 39. Qf2 Qd3 40. Qc5 Qd5 41.
Qf2 1/2-1/2

[Event "Wch Juvenil 2013 sub-16 femenino"]
[Site "Al-Ain UAE"]
[Date "2013.12.22"]
[Round "5.33"]
[White "Machlik, Monika"]
[Black "Giblon, Rebecca"]
[Result "1-0"]
[WhiteElo "1936"]
[BlackElo "1715"]
[PlyCount "75"]
[EventDate "2013.12.19"]
[EventType "swiss"]
[EventRounds "11"]
[EventCountry "UAE"]
[Source "lmi"]
[SourceDate "2013.12.19"]

1. d4 d5 2. c4 c6 3. Nf3 e6 4. e3 f5 5. Bd3 Nf6 6. O-O Bd6 7. b3 O-O 8. Ba3
Bxa3 9. Nxa3 Qe7 10. Nb1 Nbd7 11. Nc3 Ne4 12. Qc2 Ndf6 13. Ne2 Bd7 14. a3 Be8
15. Ne5 Nh5 16. b4 Rf6 17. f3 Nd6 18. c5 Nf7 19. Nxf7 Bxf7 20. e4 f4 21. exd5
cxd5 22. Nc3 Rh6 23. Qf2 Qg5 24. Rfe1 Re8 25. Re5 Qf6 26. Rae1 Rf8 27. Nb5 Qd8
28. Nxa7 Qe8 29. Nb5 Nf6 30. Nd6 Qa4 31. Qb2 Nd7 32. Bb5 Nxe5 33. Bxa4 Nd3 34.
Qd2 Nxe1 35. Qxe1 Bh5 36. Nxb7 Rg6 37. Qe2 Ra8 38. Bc2 1-0

[Event "Wch Juvenil 2013 sub-16 femenino"]
[Site "Al-Ain UAE"]
[Date "2013.12.22"]
[Round "5.34"]
[White "Gholami Orimi, Anahita"]
[Black "Menzi, Nezihe Ezgi"]
[Result "1-0"]
[WhiteElo "1817"]
[BlackElo "1925"]
[PlyCount "95"]
[EventDate "2013.12.19"]
[EventType "swiss"]
[EventRounds "11"]
[EventCountry "UAE"]
[Source "lmi"]
[SourceDate "2013.12.19"]

1. d4 Nf6 2. c4 g6 3. Nc3 Bg7 4. e4 d6 5. f3 O-O 6. Be3 Nc6 7. Nge2 a6 8. Qd2
Rb8 9. Nc1 Nd7 10. Nb3 f5 11. O-O-O e5 12. d5 Ne7 13. g4 f4 14. Bg1 b6 15. g5
Nc5 16. h4 Bd7 17. h5 Re8 18. Bh3 Nxb3+ 19. axb3 Bxh3 20. Rxh3 Qd7 21. Qh2 Kf7
22. Bf2 Rh8 23. Kc2 b5 24. c5 b4 25. Na4 Qb5 26. Bg1 Rbd8 27. Qg2 Qd7 28. Rh2
a5 29. Kb1 h6 30. hxg6+ Nxg6 31. cxd6 cxd6 32. Nb6 Qe7 33. gxh6 Rxh6 34. Rxh6
Bxh6 35. Rc1 Rg8 36. Qh3 Bg5 37. Nc8 Qf6 38. Qd7+ Ne7 39. Nxd6+ Kg6 40. Bb6 Rg7
41. Ne8 Qxb6 42. Nxg7 Kxg7 43. d6 Kf8 44. dxe7+ Bxe7 45. Rc6 Qg1+ 46. Ka2 Qg5
47. Qe6 Bd8 48. Qd5 1-0

[Event "Wch Juvenil 2013 sub-16 femenino"]
[Site "Al-Ain UAE"]
[Date "2013.12.22"]
[Round "5.35"]
[White "Hua, Margaret"]
[Black "Breedt, Shade"]
[Result "1/2-1/2"]
[WhiteElo "1922"]
[BlackElo "1638"]
[PlyCount "67"]
[EventDate "2013.12.19"]
[EventType "swiss"]
[EventRounds "11"]
[EventCountry "UAE"]
[Source "lmi"]
[SourceDate "2013.12.19"]

1. e4 c5 2. Nf3 d6 3. d4 cxd4 4. Nxd4 g6 5. Nc3 Bg7 6. Be3 Nf6 7. f3 Nc6 8. Qd2
O-O 9. O-O-O Nxd4 10. Bxd4 Be6 11. Kb1 Re8 12. Bb5 Bd7 13. h4 Bxb5 14. Nxb5 a6
15. Nc3 Qa5 16. g4 h5 17. Rhg1 Rac8 18. Nd5 Qxd2 19. Rxd2 Nxd5 20. exd5 Bxd4
21. Rxd4 hxg4 22. Rdxg4 Kh7 23. c3 Rc5 24. Rd4 Rh8 25. Re1 Re8 26. Kc2 Kg7 27.
b4 Rc7 28. Kb3 b5 29. Ree4 Rec8 30. c4 f5 31. Rf4 Kf6 32. a4 Ke5 33. axb5 axb5
34. cxb5 1/2-1/2

[Event "Wch Juvenil 2013 sub-16 femenino"]
[Site "Al-Ain UAE"]
[Date "2013.12.22"]
[Round "5.36"]
[White "Schnegg, Anna-Lena"]
[Black "Bermudez Veliz, Josselyn"]
[Result "1-0"]
[WhiteElo "2075"]
[PlyCount "135"]
[EventDate "2013.12.19"]
[EventType "swiss"]
[EventRounds "11"]
[EventCountry "UAE"]
[Source "lmi"]
[SourceDate "2013.12.19"]
[BlackElo "1679"]

1. e4 c5 2. Nf3 d6 3. d4 cxd4 4. Nxd4 Nf6 5. Nc3 g6 6. g3 Bg7 7. Bg2 O-O 8. h3
Nbd7 9. O-O a6 10. a4 Rb8 11. Be3 Qc7 12. Qd2 Ne5 13. b3 Re8 14. Ra2 Nc6 15.
Nxc6 bxc6 16. Raa1 Bb7 17. Rab1 c5 18. Nd5 Nxd5 19. exd5 Bc8 20. Kh2 Bd7 21. f4
c4 22. Rfc1 Rec8 23. Bf1 c3 24. Qf2 a5 25. Rd1 Rb4 26. Rbc1 Rcb8 27. Qg1 Kf8
28. Bd4 Bxd4 29. Rxd4 Kg8 30. Rcd1 Bf5 31. Bd3 Bxd3 32. R4xd3 Rc8 33. Kg2 Qc5
34. Qxc5 Rxc5 35. Rd4 Rb7 36. Kf3 Kg7 37. Ke3 Kf6 38. Ke4 Rb6 39. R4d3 Rb4+ 40.
Rd4 Rb6 41. g4 h6 42. h4 Rb8 43. Ra1 Kg7 44. Rc4 Rbc8 45. Rxc5 Rxc5 46. Rd1 f6
47. f5 h5 48. gxh5 gxf5+ 49. Kxf5 Kh6 50. Ke6 Rc7 51. Rd4 Kxh5 52. Rc4 Rb7 53.
Rxc3 Kxh4 54. Kf5 Rd7 55. Rc8 Ra7 56. Re8 Rc7 57. c4 Rb7 58. Ke6 Rxb3 59. Rxe7
Rb4 60. Rc7 Kg5 61. Kxd6 Rxa4 62. c5 Rd4 63. c6 a4 64. Rg7+ Kf5 65. c7 Rc4 66.
Rg8 a3 67. c8=Q+ Rxc8 68. Rxc8 1-0